Rosenzweig on profane/secular history / (Record no. 2372)
[ view plain ]
| 000 -LEADER | |
|---|---|
| fixed length control field | 00610nam a2200181 4500 |
| 008 - FIXED-LENGTH DATA ELEMENTS--GENERAL INFORMATION | |
| fixed length control field | 010705s1996 us engYA |
| 020 ## - INTERNATIONAL STANDARD BOOK NUMBER | |
| International Standard Book Number | 0788502581 |
| 090 ## - LOCALLY ASSIGNED LC-TYPE CALL NUMBER (OCLC); LOCAL CALL NUMBER (OCLC) | |
| Classification number (OCLC) (R) ; Classification number, CALL (RLIN) (NR) | BM755 |
| Local cutter number (OCLC) ; Book number/undivided call number, CALL (RLIN) | V86 |
| 100 1# - MAIN ENTRY--PERSONAL NAME | |
| Personal name | Vogel, Manfred H. |
| 245 10 - TITLE STATEMENT | |
| Title | Rosenzweig on profane/secular history / |
| Statement of responsibility, etc | by Manfred H. Vogel |
| 260 ## - PUBLICATION, DISTRIBUTION, ETC. (IMPRINT) | |
| Place of publication, distribution, etc | Georgia : |
| Name of publisher, distributor, etc | Scholars Press, |
| Date of publication, distribution, etc | c1996. |
| 300 ## - PHYSICAL DESCRIPTION | |
| Extent | 70 p. |
| 490 1# - SERIES STATEMENT | |
| Series statement | South Florida studies in the history of Judasim; |
| Volume number/sequential designation | 141 |
| 600 14 - SUBJECT ADDED ENTRY--PERSONAL NAME | |
| Personal name | Rosenzweig, Franz, |
| Dates associated with a name | 1886-1929 |
| General subdivision | Views on history |
| 650 #4 - SUBJECT ADDED ENTRY--TOPICAL TERM | |
| Topical term or geographic name as entry element | Historicism |
| 650 #4 - SUBJECT ADDED ENTRY--TOPICAL TERM | |
| Topical term or geographic name as entry element | History |
| General subdivision | Philosophy |
| 951 ## - EQUIVALENCE OR CROSS-REFERENCE-GEOGRAPHIC NAME/AREA NAME [OBSOLETE] [CAN/MARC only] | |
| -- | 22654 |
| -- | BM755/V86 |
| -- | 070613110936250 |
| -- | 2000-12-21 |
| -- | REF |
| Withdrawn status | Lost status | Damaged status | Not for loan | Home library | Current library | Shelving location | Date acquired | Accession number | Shelving control number | Total Checkouts | Full call number | Date last seen | Price effective from | Koha item type |
|---|---|---|---|---|---|---|---|---|---|---|---|---|---|---|
| BSOP Library | BSOP Library | Reference | 12/21/2000 | 22654 | 127 | BM755/V86 | 02/23/2013 | 02/23/2013 | Books |
